000 02031nam0a2200349 4500
001 RU\NLR\BIBL_A\022140701
005 20240228124443.0
010 _a978-5-9274-0981-5
_950
021 _aRU
_bКН-П-24-001214
_9КН-П-24-0107
035 _a(NLR Aleph) 022140701
035 _a(RuMoRGB)012472650
090 _a12864464
_c12864464
100 _a20240216d2024 u y0rusy50 ca
101 0 _arus
102 _aRU
105 _aa j 000yy
181 0 _ai
_baxxe
182 0 _an
200 1 _aПраво на свободу
_e(философия свободы)
_eучебное пособие по курсу философии права
_fВ. М. Пивоев
_gСеверный институт (филиал) Федерального государственного бюджетного образовательного учреждения высшего образования "Всероссийский государственный университет юстиции (РПА Минюста России)" в г. Петрозаводске
203 _aТекст
_bвизуальный
_cнепосредственный
210 _aПетрозаводск
_cКарНЦ РАН
_d2024 (печ. 2023)
215 _a194, [1] с.
_cил., табл.
_d20
300 _aНа 4-й с.обл. авт.: Пивоев В. М. - д-р филос. наук, проф.
320 _aБиблиогр. в конце кн. и в подстроч. примеч.
320 _aДр. произведения авт. на 4-й с. обл.
606 1 _aСвобода (социол.)
_jУчебные издания для высших учебных заведений
_xФилософские вопросы
_92302296
_3RU\NLR\AUTH\661378315
686 1 _aЮ252
_bХ.я73
700 1 _aПивоев
_bВ. М.
_f1947-
_gВасилий Михайлович
_9134829
_3RU\NLR\AUTH\770134863
942 _cBOOK
980 _aNB